| Tag |
First Indicator |
Second Indicator |
Subfields |
| LEADER |
00000cam a2200000 a 4500 |
| 001 |
in00001406813 |
| 005 |
20151020072938.0 |
| 008 |
920708s1993 nyu j 000 1 eng |
| 010 |
|
|
|a 92025931
|
| 020 |
|
|
|a 0670837520 :
|c $13.99 ($17.99 Can.)
|
| 035 |
|
|
|a (OCoLC)26502937
|
| 035 |
|
|
|9 AHQ3769AM
|
| 040 |
|
|
|a DLC
|c DLC
|d UtOrBLW
|
| 049 |
|
|
|a TXAG
|
| 050 |
0 |
0 |
|a PZ7.S64474
|b Be 1993
|
| 082 |
0 |
0 |
|a [Fic]
|2 20
|
| 100 |
1 |
|
|a Smith, Doris Buchanan.
|
| 245 |
1 |
0 |
|a Best girl /
|c Doris Buchanan Smith.
|
| 264 |
|
1 |
|a New York, N.Y., U.S.A. :
|b Viking,
|c 1993.
|
| 300 |
|
|
|a 144 pages ;
|c 22 cm.
|
| 336 |
|
|
|a text
|b txt
|2 rdacontent
|
| 337 |
|
|
|a unmediated
|b n
|2 rdamedia
|
| 338 |
|
|
|a volume
|b nc
|2 rdacarrier
|
| 520 |
|
|
|a As she struggles to cope with a difficult mother and finding her place in the world, young Nealy Compton finds solace in the relative solitude and safety beneath her neighbor's porch.
|
| 650 |
|
1 |
|a Mothers and daughters
|x Fiction.
|
| 650 |
|
1 |
|a Family problems
|x Fiction.
|
| 650 |
|
1 |
|a Self-acceptance
|x Fiction.
|
| 999 |
|
|
|a MARS
|
| 999 |
f |
f |
|s 68e24993-55d8-3d82-b6d1-aff8d294382d
|i cf96a429-09b2-3baa-a6f3-ea31fdf30416
|t 0
|
| 952 |
f |
f |
|p normal
|a Texas A&M University
|b College Station
|c Sterling C. Evans Library
|d Evans: Curriculum Collection (4th floor)
|t 0
|e PZ7.S64474 Be 1993
|h Library of Congress classification
|i unmediated -- volume
|m A14822246970
|
| 998 |
f |
f |
|a PZ7.S64474 Be 1993
|t 0
|l Evans: Curriculum Collection (4th floor)
|